000 00374 a2200157 4500
001 194285
020 _a978-85-08-14761-8
040 _cMagnum
100 _aMachado, Ana Maria
240 1 0 _aO gato massamê e aquilo que ele vê
_lpor
245 1 0 _aO gato massamê e aquilo que ele vê
300 _a24
362 0 _a2012
697 _aLITERATURA INFANTIL
942 _cBK
999 _c194285
_d194285